[Event "FIDE World Cup 2025"]
[Site "Goa, India"]
[Date "2025.11.01"]
[Round "1.2"]
[White "Rakotomaharo, Fy Antenaina"]
[Black "Najer, Evgeniy"]
[Result "1/2-1/2"]
[TimeControl ": 90 minutes for the first 40 moves, followed by 30 minutes for the rest of the gamewith an increment of 30 seconds per move starting from move 1"]
[WhiteFideId "13100050"]
[BlackFideId "4118987"]
[WhiteElo "2435"]
[BlackElo "2613"]

1. d4 {[%clk 01:30:53]} {[%emt 00:00:06]} Nf6 {[%clk 01:30:27]} {[%emt
00:00:32]} 2. c4 {[%clk 01:31:17]} {[%emt 00:00:07]} e6 {[%clk 01:30:53]}
{[%emt 00:00:04]} 3. Nc3 {[%clk 01:31:18]} {[%emt 00:00:29]} d5 {[%clk
01:29:21]} {[%emt 00:02:02]} 4. cxd5 {[%clk 01:30:50]} {[%emt 00:00:58]} exd5
{[%clk 01:29:47]} {[%emt 00:00:05]} 5. Bg5 {[%clk 01:31:14]} {[%emt 00:00:05]}
Be7 {[%clk 01:28:07]} {[%emt 00:02:10]} 6. e3 {[%clk 01:31:05]} {[%emt
00:00:39]} h6 {[%clk 01:28:31]} {[%emt 00:00:06]} 7. Bh4 {[%clk 01:29:46]}
{[%emt 00:01:48]} Bg4 {[%clk 01:28:18]} {[%emt 00:00:43]} 8. Nf3 {[%clk
01:22:44]} {[%emt 00:07:32]} Nbd7 {[%clk 01:27:06]} {[%emt 00:01:42]} 9. Be2
{[%clk 01:20:42]} {[%emt 00:02:32]} c6 {[%clk 01:26:45]} {[%emt 00:00:52]} 10.
O-O {[%clk 01:20:01]} {[%emt 00:01:11]} Bf5 {[%clk 01:26:20]} {[%emt 00:00:55]}
11. Ne1 {[%clk 01:12:31]} {[%emt 00:08:00]} O-O {[%clk 01:15:45]} {[%emt
00:11:05]} 12. Bd3 {[%clk 01:12:03]} {[%emt 00:00:58]} Bxd3 {[%clk 01:15:04]}
{[%emt 00:01:11]} 13. Nxd3 {[%clk 01:12:27]} {[%emt 00:00:05]} Ne8 {[%clk
01:14:06]} {[%emt 00:01:28]} 14. Bxe7 {[%clk 01:09:06]} {[%emt 00:03:51]} Qxe7
{[%clk 01:13:41]} {[%emt 00:00:56]} 15. Qc2 {[%clk 01:09:29]} {[%emt 00:00:07]}
Nd6 {[%clk 01:13:36]} {[%emt 00:00:33]} 16. Na4 {[%clk 01:08:36]} {[%emt
00:01:25]} h5 {[%clk 01:11:58]} {[%emt 00:02:08]} 17. Nac5 {[%clk 01:08:08]}
{[%emt 00:00:58]} h4 {[%clk 01:11:04]} {[%emt 00:01:24]} 18. h3 {[%clk
01:05:57]} {[%emt 00:02:41]} Rfe8 {[%clk 01:07:54]} {[%emt 00:03:40]} 19. Rac1
{[%clk 01:02:21]} {[%emt 00:04:06]} Nxc5 {[%clk 01:01:53]} {[%emt 00:06:32]} 20.
Qxc5 {[%clk 01:01:34]} {[%emt 00:01:17]} f6 {[%clk 00:57:30]} {[%emt 00:04:53]}
21. a4 {[%clk 00:55:19]} {[%emt 00:06:45]} Qd7 {[%clk 00:55:57]} {[%emt
00:02:03]} 22. Qc2 {[%clk 00:52:26]} {[%emt 00:03:22]} Re7 {[%clk 00:53:59]}
{[%emt 00:02:28]} 23. Nc5 {[%clk 00:43:56]} {[%emt 00:08:59]} Qe8 {[%clk
00:54:03]} {[%emt 00:00:26]} 24. Rfe1 {[%clk 00:42:19]} {[%emt 00:02:07]} Qh5
{[%clk 00:49:59]} {[%emt 00:04:34]} 25. b4 {[%clk 00:31:55]} {[%emt 00:10:54]}
a6 {[%clk 00:49:43]} {[%emt 00:00:46]} 26. Qd1 {[%clk 00:29:03]} {[%emt
00:03:22]} Qxd1 {[%clk 00:46:45]} {[%emt 00:03:29]} 27. Rexd1 {[%clk 00:27:17]}
{[%emt 00:02:16]} g5 {[%clk 00:46:36]} {[%emt 00:00:38]} 28. Rd3 {[%clk
00:25:33]} {[%emt 00:02:15]} Rae8 {[%clk 00:45:40]} {[%emt 00:01:26]} 29. Rb3
{[%clk 00:25:45]} {[%emt 00:00:18]} f5 {[%clk 00:36:22]} {[%emt 00:09:49]} 30.
Nd3 {[%clk 00:22:05]} {[%emt 00:04:10]} f4 {[%clk 00:36:25]} {[%emt 00:00:27]}
31. Ne5 {[%clk 00:19:36]} {[%emt 00:02:59]} fxe3 {[%clk 00:36:30]} {[%emt
00:00:25]} 32. fxe3 {[%clk 00:20:02]} {[%emt 00:00:03]} Kg7 {[%clk 00:36:13]}
{[%emt 00:00:46]} 33. Rc2 {[%clk 00:11:36]} {[%emt 00:08:57]} Re6 {[%clk
00:32:25]} {[%emt 00:04:18]} 34. Rf2 {[%clk 00:10:04]} {[%emt 00:02:01]} Rf6
{[%clk 00:30:43]} {[%emt 00:02:12]} 35. Rxf6 {[%clk 00:08:46]} {[%emt
00:01:48]} Kxf6 {[%clk 00:31:11]} {[%emt 00:00:02]} 36. Kf2 {[%clk 00:08:58]}
{[%emt 00:00:18]} Ke6 {[%clk 00:29:38]} {[%emt 00:02:03]} 37. Ke2 {[%clk
00:04:26]} {[%emt 00:05:01]} Ne4 {[%clk 00:28:58]} {[%emt 00:01:10]} 38. Nf3
{[%clk 00:03:11]} {[%emt 00:01:45]} Rf8 {[%clk 00:25:15]} {[%emt 00:04:13]} 39.
Rb2 {[%clk 00:03:19]} {[%emt 00:00:22]} Kf5 {[%clk 00:25:29]} {[%emt 00:00:17]}
40. Ne5 {[%clk 00:00:49]} {[%emt 00:02:59]} Ke6 {[%clk 00:23:26]} {[%emt
00:02:33]} 41. Nf3 {[%clk 00:00:34]} {[%emt 00:00:46]} Kd6 {[%clk 00:13:08]}
{[%emt 00:10:49]} 42. Ke1 {[%clk 00:23:33]} {[%emt 00:07:31]} Kc7 {[%clk
00:38:07]} {[%emt 00:05:30]} 43. Rc2 {[%clk 00:19:25]} {[%emt 00:04:38]} Kd6
{[%clk 00:33:10]} {[%emt 00:05:28]} 44. a5 {[%clk 00:16:50]} {[%emt 00:03:05]}
Ke6 {[%clk 00:19:56]} {[%emt 00:13:43]} 1/2-1/2

[Event "FIDE World Cup 2025"]
[Site "Goa, India"]
[Date "2025.11.01"]
[Round "1.3"]
[White "Dardha, Daniel"]
[Black "Banh, Gia Huy"]
[Result "1-0"]
[TimeControl ": 90 minutes for the first 40 moves, followed by 30 minutes for the rest of the gamewith an increment of 30 seconds per move starting from move 1"]
[WhiteFideId "240990"]
[BlackFideId "12424714"]
[WhiteElo "2624"]
[BlackElo "2440"]

1. Nf3 {[%clk 01:30:53]} {[%emt 00:00:06]} Nf6 {[%clk 01:30:45]} {[%emt
00:00:16]} 2. g3 {[%clk 01:31:09]} {[%emt 00:00:14]} g6 {[%clk 01:31:10]}
{[%emt 00:00:05]} 3. Bg2 {[%clk 01:31:21]} {[%emt 00:00:18]} Bg7 {[%clk
01:31:37]} {[%emt 00:00:03]} 4. O-O {[%clk 01:31:16]} {[%emt 00:00:35]} O-O
{[%clk 01:31:39]} {[%emt 00:00:27]} 5. d4 {[%clk 01:31:41]} {[%emt 00:00:05]}
d6 {[%clk 01:32:06]} {[%emt 00:00:04]} 6. c4 {[%clk 01:31:41]} {[%emt
00:00:30]} c5 {[%clk 01:32:30]} {[%emt 00:00:06]} 7. Nc3 {[%clk 01:31:44]}
{[%emt 00:00:29]} Nc6 {[%clk 01:32:57]} {[%emt 00:00:01]} 8. d5 {[%clk
01:31:43]} {[%emt 00:00:31]} Na5 {[%clk 01:33:17]} {[%emt 00:00:09]} 9. Nd2
{[%clk 01:31:50]} {[%emt 00:00:22]} e6 {[%clk 01:33:40]} {[%emt 00:00:07]} 10.
Rb1 {[%clk 01:31:45]} {[%emt 00:00:36]} exd5 {[%clk 01:31:58]} {[%emt
00:02:12]} 11. cxd5 {[%clk 01:32:09]} {[%emt 00:00:05]} Bd7 {[%clk 01:31:04]}
{[%emt 00:01:24]} 12. Nde4 {[%clk 01:31:18]} {[%emt 00:01:21]} Nxe4 {[%clk
01:27:27]} {[%emt 00:04:07]} 13. Nxe4 {[%clk 01:29:11]} {[%emt 00:02:37]} Bf5
{[%clk 01:27:51]} {[%emt 00:00:05]} 14. b4 {[%clk 01:28:54]} {[%emt 00:00:48]}
Bxe4 {[%clk 01:27:32]} {[%emt 00:00:49]} 15. Bxe4 {[%clk 01:29:17]} {[%emt
00:00:07]} cxb4 {[%clk 01:28:00]} {[%emt 00:00:02]} 16. Rxb4 {[%clk 01:29:37]}
{[%emt 00:00:10]} a6 {[%clk 01:28:18]} {[%emt 00:00:11]} 17. a4 {[%clk
01:18:34]} {[%emt 00:11:33]} Bc3 {[%clk 01:28:19]} {[%emt 00:00:29]} 18. Rb1
{[%clk 01:16:51]} {[%emt 00:02:14]} Qd7 {[%clk 01:26:50]} {[%emt 00:01:58]} 19.
Bd3 {[%clk 01:11:14]} {[%emt 00:06:08]} Rac8 {[%clk 01:08:11]} {[%emt
00:19:07]} 20. Bf4 {[%clk 01:01:27]} {[%emt 00:10:18]} Rfe8 {[%clk 01:03:49]}
{[%emt 00:04:48]} 21. Rb6 {[%clk 00:45:25]} {[%emt 00:16:35]} Be5 {[%clk
00:55:24]} {[%emt 00:08:53]} 22. Bxe5 {[%clk 00:42:09]} {[%emt 00:03:48]} Rxe5
{[%clk 00:40:11]} {[%emt 00:15:44]} 23. e4 {[%clk 00:42:18]} {[%emt 00:00:21]}
Nc4 {[%clk 00:36:28]} {[%emt 00:04:13]} 24. Rb4 {[%clk 00:41:31]} {[%emt
00:01:16]} Qh3 {[%clk 00:25:43]} {[%emt 00:11:14]} 25. Qe2 {[%clk 00:17:48]}
{[%emt 00:24:14]} Rh5 {[%clk 00:21:15]} {[%emt 00:04:58]} 26. f4 {[%clk
00:16:28]} {[%emt 00:01:50]} Ne3 {[%clk 00:18:20]} {[%emt 00:03:24]} 27. Rfb1
{[%clk 00:16:10]} {[%emt 00:00:50]} Ng4 {[%clk 00:10:37]} {[%emt 00:08:11]} 28.
Rxb7 {[%clk 00:15:13]} {[%emt 00:01:28]} Qxh2+ {[%clk 00:06:20]} {[%emt
00:04:47]} 29. Qxh2 {[%clk 00:15:38]} {[%emt 00:00:05]} Rxh2 {[%clk 00:06:46]}
{[%emt 00:00:04]} 30. Rb8 {[%clk 00:12:55]} {[%emt 00:03:14]} Rf8 {[%clk
00:04:28]} {[%emt 00:02:47]} 31. R8b2 {[%clk 00:06:37]} {[%emt 00:06:48]} Rxb2
{[%clk 00:02:49]} {[%emt 00:02:09]} 32. Rxb2 {[%clk 00:07:05]} {[%emt
00:00:02]} Rc8 {[%clk 00:03:12]} {[%emt 00:00:07]} 33. Bxa6 {[%clk 00:07:02]}
{[%emt 00:00:34]} Rc3 {[%clk 00:02:37]} {[%emt 00:01:05]} 34. e5 {[%clk
00:06:26]} {[%emt 00:01:06]} Rc1+ {[%clk 00:01:15]} {[%emt 00:01:52]} 35. Kg2
{[%clk 00:06:37]} {[%emt 00:00:19]} Ne3+ {[%clk 00:01:40]} {[%emt 00:00:05]} 36.
Kf3 {[%clk 00:06:42]} {[%emt 00:00:25]} Rc3 {[%clk 00:01:53]} {[%emt 00:00:15]}
37. Ke2 {[%clk 00:05:24]} {[%emt 00:01:49]} Nxd5 {[%clk 00:01:07]} {[%emt
00:01:17]} 38. exd6 {[%clk 00:05:19]} {[%emt 00:00:35]} Nf6 {[%clk 00:01:27]}
{[%emt 00:00:09]} 39. Rb8+ {[%clk 00:02:52]} {[%emt 00:02:57]} Kg7 {[%clk
00:01:55]} {[%emt 00:00:02]} 40. Bb5 {[%clk 00:02:02]} {[%emt 00:01:20]} Rb3
{[%clk 00:01:16]} {[%emt 00:01:07]} 41. g4 {[%clk 00:28:53]} {[%emt 00:03:41]}
Nd5 {[%clk 00:23:29]} {[%emt 00:08:17]} 42. d7 {[%clk 00:28:57]} {[%emt
00:00:26]} Nxf4+ {[%clk 00:23:24]} {[%emt 00:00:35]} 43. Kd2 {[%clk 00:29:10]}
{[%emt 00:00:16]} Ne6 {[%emt 00:00:11]} 44. Re8 {[%clk 00:29:29]} {[%emt
00:00:10]} Rb4 {[%clk 00:22:46]} {[%emt 00:01:29]} 45. Rxe6 {[%clk 00:29:39]}
{[%emt 00:00:20]} Rd4+ {[%clk 00:23:11]} {[%emt 00:00:04]} 46. Kc3 {[%clk
00:30:04]} {[%emt 00:00:05]} 1-0

[Event "FIDE World Cup 2025"]
[Site "Goa, India"]
[Date "2025.11.01"]
[Round "1.4"]
[White "Agibileg, Uurtsaikh"]
[Black "Henriquez Villagra, Cristobal"]
[Result "1-0"]
[TimeControl ": 90 minutes for the first 40 moves, followed by 30 minutes for the rest of the gamewith an increment of 30 seconds per move starting from move 1"]
[WhiteFideId "4901606"]
[BlackFideId "3409350"]
[WhiteElo "2448"]
[BlackElo "2594"]

1. d4 {[%clk 01:30:34]} {[%emt 00:00:25]} d5 {[%clk 01:30:46]} {[%emt
00:00:14]} 2. c4 {[%clk 01:30:47]} {[%emt 00:00:17]} e6 {[%clk 01:31:11]}
{[%emt 00:00:06]} 3. g3 {[%clk 01:30:32]} {[%emt 00:00:45]} Bb4+ {[%clk
01:24:02]} {[%emt 00:07:38]} 4. Bd2 {[%clk 01:30:16]} {[%emt 00:00:46]} a5
{[%clk 01:21:42]} {[%emt 00:02:50]} 5. Bg2 {[%clk 01:28:54]} {[%emt 00:01:52]}
Nf6 {[%clk 01:18:31]} {[%emt 00:03:41]} 6. Qa4+ {[%clk 01:26:18]} {[%emt
00:03:06]} Bd7 {[%clk 01:10:28]} {[%emt 00:08:32]} 7. Qc2 {[%clk 01:26:23]}
{[%emt 00:00:26]} Nc6 {[%clk 01:08:30]} {[%emt 00:02:29]} 8. Nf3 {[%clk
01:26:20]} {[%emt 00:00:32]} Be7 {[%clk 01:08:43]} {[%emt 00:00:17]} 9. O-O
{[%clk 01:23:19]} {[%emt 00:03:30]} O-O {[%clk 01:05:27]} {[%emt 00:03:47]} 10.
Rd1 {[%clk 01:13:33]} {[%emt 00:10:16]} Ne4 {[%clk 00:54:14]} {[%emt 00:11:43]}
11. Be3 {[%clk 01:08:53]} {[%emt 00:05:11]} f5 {[%clk 00:53:25]} {[%emt
00:01:18]} 12. Nc3 {[%clk 01:07:07]} {[%emt 00:02:16]} Be8 {[%clk 00:49:56]}
{[%emt 00:03:59]} 13. Ne5 {[%clk 00:56:38]} {[%emt 00:10:58]} Nb4 {[%clk
00:41:42]} {[%emt 00:08:45]} 14. Qc1 {[%clk 00:56:26]} {[%emt 00:00:43]} a4
{[%clk 00:38:21]} {[%emt 00:03:50]} 15. Nxe4 {[%clk 00:51:09]} {[%emt
00:05:47]} dxe4 {[%clk 00:33:58]} {[%emt 00:04:53]} 16. f3 {[%clk 00:50:08]}
{[%emt 00:01:30]} exf3 {[%clk 00:33:28]} {[%emt 00:01:00]} 17. exf3 {[%clk
00:48:53]} {[%emt 00:01:42]} a3 {[%clk 00:26:49]} {[%emt 00:07:12]} 18. f4
{[%clk 00:47:17]} {[%emt 00:02:06]} Qc8 {[%clk 00:22:56]} {[%emt 00:04:22]} 19.
bxa3 {[%clk 00:43:18]} {[%emt 00:04:30]} Nc6 {[%clk 00:23:01]} {[%emt
00:00:25]} 20. Rd3 {[%clk 00:38:57]} {[%emt 00:04:51]} Ra4 {[%clk 00:19:50]}
{[%emt 00:03:41]} 21. Rb1 {[%clk 00:37:03]} {[%emt 00:02:24]} Nxe5 {[%clk
00:17:31]} {[%emt 00:02:50]} 22. dxe5 {[%clk 00:35:21]} {[%emt 00:02:12]} b6
{[%clk 00:16:53]} {[%emt 00:01:08]} 23. c5 {[%clk 00:33:33]} {[%emt 00:02:17]}
b5 {[%clk 00:16:33]} {[%emt 00:00:51]} 24. c6 {[%clk 00:29:12]} {[%emt
00:04:52]} Qa6 {[%clk 00:14:55]} {[%emt 00:02:08]} 25. Bc5 {[%clk 00:29:06]}
{[%emt 00:00:36]} Bxc5+ {[%clk 00:09:48]} {[%emt 00:05:36]} 26. Qxc5 {[%clk
00:29:06]} {[%emt 00:00:31]} Rc4 {[%clk 00:09:13]} {[%emt 00:01:04]} 27. Qe7
{[%clk 00:27:15]} {[%emt 00:02:20]} Qb6+ {[%clk 00:03:59]} {[%emt 00:05:44]} 28.
Kh1 {[%clk 00:27:39]} {[%emt 00:00:06]} Rc2 {[%clk 00:03:49]} {[%emt 00:00:41]}
29. Qxe6+ {[%clk 00:17:42]} {[%emt 00:10:27]} Bf7 {[%clk 00:03:52]} {[%emt
00:00:26]} 30. Qd7 {[%clk 00:16:16]} {[%emt 00:01:56]} Qf2 {[%clk 00:01:29]}
{[%emt 00:02:53]} 31. Rg1 {[%clk 00:16:34]} {[%emt 00:00:12]} Qe2 {[%clk
00:01:50]} {[%emt 00:00:09]} 32. Rdd1 {[%clk 00:15:45]} {[%emt 00:01:19]} Bh5
{[%clk 00:01:23]} {[%emt 00:00:57]} 33. Rde1 {[%clk 00:14:02]} {[%emt
00:02:12]} Qf2 {[%clk 00:01:36]} {[%emt 00:00:18]} 34. Qd5+ {[%clk 00:13:55]}
{[%emt 00:00:37]} Kh8 {[%clk 00:02:02]} {[%emt 00:00:04]} 35. e6 {[%clk
00:13:59]} {[%emt 00:00:26]} Re8 {[%clk 00:01:26]} {[%emt 00:01:06]} 36. e7
{[%clk 00:13:50]} {[%emt 00:00:40]} h6 {[%clk 00:00:56]} {[%emt 00:01:00]} 37.
Rgf1 {[%clk 00:06:24]} {[%emt 00:07:56]} Qd2 {[%clk 00:01:09]} {[%emt
00:00:18]} 38. Re5 {[%clk 00:05:40]} {[%emt 00:01:14]} g6 {[%clk 00:00:51]}
{[%emt 00:00:47]} 39. Rfe1 {[%clk 00:04:13]} {[%emt 00:01:57]} Kg7 {[%clk
00:00:43]} {[%emt 00:00:38]} 40. Qxd2 {[%clk 00:03:52]} {[%emt 00:00:51]} Rxd2
{[%clk 00:01:09]} {[%emt 00:00:03]} 41. Rxb5 {[%clk 00:04:00]} {[%emt
00:00:22]} Be2 {[%clk 00:23:50]} {[%emt 00:07:49]} 42. Re5 {[%clk 00:33:41]}
{[%emt 00:00:50]} Bc4 {[%clk 00:24:00]} {[%emt 00:00:21]} 43. a4 {[%clk
00:33:07]} {[%emt 00:01:04]} Rxa2 {[%clk 00:23:55]} {[%emt 00:00:35]} 44. a5
{[%clk 00:32:19]} {[%emt 00:01:18]} Kf6 {[%clk 00:24:11]} {[%emt 00:00:13]} 45.
h3 {[%clk 00:32:18]} {[%emt 00:00:31]} Bf7 {[%clk 00:22:58]} {[%emt 00:01:43]}
46. Kg1 {[%clk 00:28:55]} {[%emt 00:03:54]} Ra4 {[%clk 00:22:13]} {[%emt
00:01:15]} 47. Kf2 {[%clk 00:28:18]} {[%emt 00:01:07]} g5 {[%clk 00:21:55]}
{[%emt 00:00:48]} 48. fxg5+ {[%clk 00:26:36]} {[%emt 00:02:11]} hxg5 {[%clk
00:22:21]} {[%emt 00:00:04]} 49. Bf3 {[%clk 00:25:31]} {[%emt 00:01:35]} Ra2+
{[%clk 00:13:56]} {[%emt 00:08:55]} 50. R1e2 {[%clk 00:22:26]} {[%emt
00:03:35]} Rxe2+ {[%clk 00:12:28]} {[%emt 00:01:59]} 51. Rxe2 {[%clk 00:22:49]}
{[%emt 00:00:07]} Ra8 {[%clk 00:12:48]} {[%emt 00:00:11]} 52. a6 {[%clk
00:13:37]} {[%emt 00:09:42]} Be8 {[%clk 00:12:48]} {[%emt 00:00:29]} 53. Ra2
{[%clk 00:14:00]} {[%emt 00:00:07]} Ra7 {[%clk 00:10:51]} {[%emt 00:02:27]} 54.
h4 {[%clk 00:09:54]} {[%emt 00:04:36]} gxh4 {[%clk 00:09:35]} {[%emt 00:01:45]}
55. gxh4 {[%clk 00:10:20]} {[%emt 00:00:04]} Kxe7 {[%clk 00:10:01]} {[%emt
00:00:05]} 56. Ke3 {[%clk 00:09:57]} {[%emt 00:00:53]} Bf7 {[%clk 00:09:55]}
{[%emt 00:00:36]} 57. Ra1 {[%clk 00:10:03]} {[%emt 00:00:24]} Bc4 {[%clk
00:08:22]} {[%emt 00:02:02]} 58. Kd4 {[%clk 00:10:04]} {[%emt 00:00:30]} Bb5
{[%clk 00:05:45]} {[%emt 00:03:08]} 59. Kc5 {[%clk 00:09:26]} {[%emt 00:01:07]}
Bd3 {[%clk 00:06:08]} {[%emt 00:00:06]} 60. Rd1 {[%clk 00:08:17]} {[%emt
00:01:39]} Bxa6 {[%clk 00:04:02]} {[%emt 00:02:36]} 61. Ra1 {[%clk 00:08:20]}
{[%emt 00:00:28]} f4 {[%clk 00:04:15]} {[%emt 00:00:16]} 62. Kd4 {[%clk
00:01:18]} {[%emt 00:07:32]} Ra8 {[%clk 00:04:01]} {[%emt 00:00:45]} 63. Ke5
{[%clk 00:01:43]} {[%emt 00:00:05]} Kf7 {[%clk 00:04:20]} {[%emt 00:00:11]} 64.
Kxf4 {[%clk 00:02:06]} {[%emt 00:00:07]} Ke6 {[%clk 00:04:20]} {[%emt
00:00:30]} 65. Kg3 {[%clk 00:00:46]} {[%emt 00:01:50]} Kd6 {[%clk 00:04:18]}
{[%emt 00:00:32]} 66. Bg4 {[%clk 00:00:45]} {[%emt 00:00:32]} Kc5 {[%emt
00:00:52]} 67. h5 {[%clk 00:00:46]} {[%emt 00:00:19]} Kb6 {[%clk 00:04:20]}
{[%emt 00:00:15]} 68. Kh4 {[%clk 00:00:44]} {[%emt 00:00:32]} Rh8 {[%clk
00:04:33]} {[%emt 00:00:16]} 69. Bf5 {[%clk 00:00:37]} {[%emt 00:00:38]} Be2
{[%clk 00:04:39]} {[%emt 00:00:25]} 70. Bg6 {[%clk 00:00:36]} {[%emt 00:00:31]}
Kxc6 {[%clk 00:04:17]} {[%emt 00:00:52]} 71. Kg5 {[%clk 00:01:01]} {[%emt
00:00:04]} Bxh5 {[%clk 00:02:07]} {[%emt 00:02:40]} 72. Bxh5 {[%clk 00:01:28]}
{[%emt 00:00:04]} Rf8 {[%clk 00:01:03]} {[%emt 00:01:34]} 73. Bg4 {[%clk
00:01:17]} {[%emt 00:00:40]} Rf2 {[%clk 00:01:15]} {[%emt 00:00:18]} 74. Bf5
{[%clk 00:01:33]} {[%emt 00:00:15]} Kd5 {[%clk 00:00:52]} {[%emt 00:00:53]} 75.
Kf6 {[%clk 00:01:57]} {[%emt 00:00:06]} c5 {[%clk 00:01:18]} {[%emt 00:00:04]}
76. Rd1+ {[%clk 00:02:23]} {[%emt 00:00:04]} Kc4 {[%clk 00:01:43]} {[%emt
00:00:05]} 77. Ke5 {[%clk 00:02:43]} {[%emt 00:00:09]} Kc3 {[%clk 00:00:43]}
{[%emt 00:01:31]} 78. Rc1+ {[%clk 00:03:04]} {[%emt 00:00:09]} Kb2 {[%clk
00:00:52]} {[%emt 00:00:21]} 79. Rxc5 {[%clk 00:03:26]} {[%emt 00:00:08]} Rd2
{[%clk 00:01:12]} {[%emt 00:00:10]} 80. Be4 {[%clk 00:02:58]} {[%emt 00:00:58]}
Rd1 {[%clk 00:00:42]} {[%emt 00:01:00]} 81. Kf4 {[%clk 00:02:54]} {[%emt
00:00:35]} Rd2 {[%clk 00:00:36]} {[%emt 00:00:36]} 82. Ke3 {[%clk 00:03:17]}
{[%emt 00:00:07]} Rd1 {[%clk 00:00:57]} {[%emt 00:00:09]} 83. Bd3 {[%clk
00:03:29]} {[%emt 00:00:17]} 1-0

[Event "FIDE World Cup 2025"]
[Site "Goa, India"]
[Date "2025.11.01"]
[Round "1.5"]
[White "Daneshvar, Bardiya"]
[Black "Salinas Herrera, Pablo"]
[Result "1-0"]
[TimeControl ": 90 minutes for the first 40 moves, followed by 30 minutes for the rest of the gamewith an increment of 30 seconds per move starting from move 1"]
[WhiteFideId "12576468"]
[BlackFideId "3407128"]
[WhiteElo "2598"]
[BlackElo "2451"]

1. e4 {[%clk 01:30:56]} {[%emt 00:00:03]} e5 {[%clk 01:30:48]} {[%emt
00:00:12]} 2. Nf3 {[%clk 01:31:23]} {[%emt 00:00:03]} Nc6 {[%clk 01:31:13]}
{[%emt 00:00:06]} 3. Bb5 {[%clk 01:31:51]} {[%emt 00:00:03]} a6 {[%clk
01:31:11]} {[%emt 00:00:32]} 4. Ba4 {[%clk 01:32:17]} {[%emt 00:00:04]} Nf6
{[%emt 00:00:07]} 5. O-O {[%clk 01:32:44]} {[%emt 00:00:02]} d6 {[%clk
01:31:15]} {[%emt 00:00:50]} 6. Re1 {[%clk 01:33:07]} {[%emt 00:00:07]} Bd7
{[%clk 01:31:40]} {[%emt 00:00:05]} 7. c3 {[%clk 01:33:33]} {[%emt 00:00:04]}
g6 {[%clk 01:32:04]} {[%emt 00:00:06]} 8. d4 {[%clk 01:34:00]} {[%emt
00:00:04]} Bg7 {[%clk 01:32:29]} {[%emt 00:00:05]} 9. h3 {[%clk 01:34:27]}
{[%emt 00:00:03]} O-O {[%clk 01:32:52]} {[%emt 00:00:07]} 10. Bc2 {[%clk
01:34:55]} {[%emt 00:00:03]} Re8 {[%clk 01:32:14]} {[%emt 00:01:07]} 11. d5
{[%clk 01:35:21]} {[%emt 00:00:04]} Ne7 {[%clk 01:26:25]} {[%emt 00:06:19]} 12.
c4 {[%clk 01:34:01]} {[%emt 00:01:50]} b5 {[%clk 01:22:19]} {[%emt 00:04:36]}
13. b3 {[%clk 01:34:16]} {[%emt 00:00:15]} c6 {[%clk 01:22:38]} {[%emt
00:00:11]} 14. Nc3 {[%clk 01:34:41]} {[%emt 00:00:05]} cxd5 {[%clk 01:22:58]}
{[%emt 00:00:09]} 15. cxd5 {[%clk 01:35:07]} {[%emt 00:00:04]} Rc8 {[%clk
01:23:20]} {[%emt 00:00:09]} 16. Bd2 {[%clk 01:35:32]} {[%emt 00:00:04]} Nh5
{[%clk 01:23:27]} {[%emt 00:00:23]} 17. Rc1 {[%clk 01:35:55]} {[%emt 00:00:08]}
Qb6 {[%clk 01:23:53]} {[%emt 00:00:04]} 18. Bd3 {[%clk 01:36:11]} {[%emt
00:00:14]} f5 {[%clk 01:10:17]} {[%emt 00:14:07]} 19. exf5 {[%clk 01:36:35]}
{[%emt 00:00:06]} gxf5 {[%clk 01:10:43]} {[%emt 00:00:03]} 20. Nxe5 {[%clk
01:36:57]} {[%emt 00:00:08]} dxe5 {[%clk 01:11:10]} {[%emt 00:00:03]} 21. Qxh5
{[%clk 01:37:21]} {[%emt 00:00:06]} Qd4 {[%clk 00:57:24]} {[%emt 00:14:16]} 22.
Red1 {[%clk 01:37:43]} {[%emt 00:00:08]} e4 {[%clk 00:46:51]} {[%emt 00:11:03]}
23. Bf1 {[%clk 01:32:12]} {[%emt 00:06:00]} Qe5 {[%clk 00:43:25]} {[%emt
00:03:56]} 24. Qg5 {[%clk 01:15:01]} {[%emt 00:17:41]} Ng6 {[%clk 00:38:03]}
{[%emt 00:05:52]} 25. g3 {[%clk 00:57:45]} {[%emt 00:17:47]} Qd6 {[%clk
00:33:27]} {[%emt 00:05:05]} 26. Ne2 {[%clk 00:40:23]} {[%emt 00:17:53]} Ne5
{[%clk 00:28:22]} {[%emt 00:05:34]} 27. Bg2 {[%clk 00:40:04]} {[%emt 00:00:48]}
Kh8 {[%clk 00:14:50]} {[%emt 00:14:03]} 28. Rxc8 {[%clk 00:36:30]} {[%emt
00:04:05]} Rxc8 {[%clk 00:15:12]} {[%emt 00:00:07]} 29. Bc3 {[%clk 00:34:29]}
{[%emt 00:02:31]} b4 {[%clk 00:10:24]} {[%emt 00:05:18]} 30. Ba1 {[%clk
00:30:54]} {[%emt 00:04:05]} Re8 {[%clk 00:09:31]} {[%emt 00:01:23]} 31. Nf4
{[%clk 00:26:39]} {[%emt 00:04:45]} h6 {[%clk 00:04:56]} {[%emt 00:05:06]} 32.
Qh5 {[%clk 00:25:11]} {[%emt 00:01:59]} Rd8 {[%clk 00:00:38]} {[%emt 00:04:48]}
33. Bxe4 {[%clk 00:22:08]} {[%emt 00:03:32]} fxe4 {[%clk 00:00:46]} {[%emt
00:00:22]} 34. Bxe5 {[%clk 00:22:30]} {[%emt 00:00:07]} Bxe5 {[%clk 00:00:31]}
{[%emt 00:00:45]} 35. Ng6+ {[%clk 00:22:48]} {[%emt 00:00:12]} Kh7 {[%clk
00:00:37]} {[%emt 00:00:24]} 36. Nxe5 {[%clk 00:21:53]} {[%emt 00:01:25]} Rf8
{[%clk 00:00:56]} {[%emt 00:00:11]} 37. Nxd7 {[%clk 00:20:40]} {[%emt
00:01:44]} Qxd7 {[%clk 00:01:22]} {[%emt 00:00:04]} 38. Qg4 {[%clk 00:19:25]}
{[%emt 00:01:44]} Qe7 {[%clk 00:00:33]} {[%emt 00:01:19]} 39. Qe6 {[%clk
00:18:58]} {[%emt 00:00:57]} 1-0